| 000 | 00805nam a22002417a 4500 | ||
|---|---|---|---|
| 003 | CHAP | ||
| 005 | 20220329133912.0 | ||
| 008 | 971013s r 00010 d | ||
| 010 | _a12489 | ||
| 011 | _a13461 | ||
| 035 | _a17532 | ||
| 040 | _cCHAP | ||
| 100 | 0 | 0 |
_aGindrat, Daniel. _948074 |
| 245 | _aRecherches sur la nutrition et développment de Gaeumannomyces graminis (Sacc.) von Arx et Olivier agent du piétin-échaudage des ceréales | ||
| 500 | _aSobretiro de : Recherche Agronomique en Suisse. 7(2):197-214, 1968 | ||
| 590 |
_aBATCH-UPD _b10 _c20130110 _lUCH01 _h2136 |
||
| 590 |
_aCONVERSION _b10 _c20130109 _lUCH01 _h1308 |
||
| 650 | 1 | 4 |
_aCereales _xEnfermedades. _921412 |
| 650 | 1 | 4 |
_aOphiobolus graminis. _983366 |
| 901 | _aBK | ||
| 942 | _cREIMP | ||
| 949 |
_bBC _cR _d-41318 _eTS1 _i17532 _si |
||
| 999 |
_c12489 _d12489 |
||